Malý sprievodca odpustkami znovuobjavenie tohto daru milosti : všetko, čo o nich potrebujete vedieť

Podrobná bibliografia
Hlavný autor: Pétiová, Veronika, 1990- (Autor)
Médium: Kniha
Jazyk:slovenčina
Fyzický popis:95 strán 20 cm
Vydavateľské údaje: [Varín] Zachej.sk 2024
ISBN:9788082117328
Vydanie:Vydanie prvé
Predmet:

MARC

LEADER 00000cam a2200000 4500
001 vtls012273420
003 SK-MaSNL
005 20260301232139.0
008 250314s2024 xo g f 000 0 slo
015 |a SNBA2025/04 
020 |a 9788082117328  |q (brožované) 
040 |a SNK  |b slo  |c SNK  |e rda 
041 0 |a slo 
044 |a xo  |c SK 
072 7 |a 27-4  |x Praktická teológia. Morálna teológia  |2 konspekt 
080 |a 2-428.87  |2 2001 
080 |a 27-42  |2 2011 
080 |a (0:82-97)  |2 2011 
100 1 |a Pétiová, Veronika,  |d 1990-  |4 aut  |9 227534 
245 1 0 |a Malý sprievodca odpustkami  |b znovuobjavenie tohto daru milosti : všetko, čo o nich potrebujete vedieť  |c Veronika Pétiová 
250 |a Vydanie prvé 
264 1 |a [Varín]  |b Zachej.sk  |c 2024 
300 |a 95 strán  |c 20 cm 
336 |a text  |b txt  |2 rdacontent 
337 |a bez média  |b n  |2 rdamedia 
338 |a zväzok  |b nc  |2 rdacarrier 
500 |a Miesto vydania podľa NA ISBN 
650 0 7 |a odpustky  |2 SNKPH  |9 24731 
650 0 7 |a Indulgences  |2 SNKPHeng  |9 507875 
650 0 7 |a morálna teológia  |2 SNKPH  |9 881 
650 0 7 |a Moral theology  |2 SNKPHeng  |9 267040 
655 7 |a modlitby  |2 SNKPH  |9 70550 
655 7 |a Prayers  |2 SNKPHeng  |9 291214 
852 |a Slovenská národná knižnica 
919 |a 978-80-8211-732-8 
954 |a duchovná literatúra pôvodná (slovenská)  |2 lita 
958 |a NT 
999 |c 960571  |d 962501 
952 |a SNK  |b SNK  |y PREZ  |7 0  |p 17A1562578  |o snkSD 93174  |i snk2025/4663  |8 0  |0 0  |1 0  |4 0  |d 2025-03-14  |l 0  |r 2026-02-24 10:17:33  |w 2026-02-24 
952 |a SNK  |b SNK  |y VYP  |7 0  |p 17A1562579  |o snkSD 93174 D1  |i snk2025/4664  |8 0  |0 0  |1 0  |4 0  |d 2025-03-14  |l 0  |r 2026-02-24 10:17:33  |w 2026-02-24